000 00747nam a2200205 i 4500
001 106214
003 ES-MaACL
005 20231214203308.0
007 t|
008 061010s1990 sp ||||1| spa d
080 _a75 Wael, Juan Bautista de
100 1 _aDíaz Padrón, Matías,
_d1934-2022
_944376
245 1 3 _aUn lienzo polémico de la Virgen y Santa Rosalía de Palermo de Juan Bautista de Wael /
_cMatías Díaz Padrón.
260 _a[S.l. :
_bs.n.],
_c1990.
300 _ap. 213-215 :
_bil. ;
_c27 cm.
500 _aSeparata de: Anuario del Departamento de Historia y Teoría del Arte, vol. II, 1990.
600 1 4 _aWael, Juan Bautista de.
_9115818
852 _aES-MaACL
_j2206-F-13
_bR.137982
999 _c106214
_d106214